000 00403nam a2200157 a 4500
001 1770453312571
003 YourLibrary
005 20260222145120.0
008 260207s2026##################000#0#eng##
020 _a9781308040080
040 _aYourLibrary
_beng
_cYourLibrary
082 0 4 _a330
_bBEG
100 _e BEGG DAVID
245 1 0 _aECONOMICS AFRICAN EDITION
_c/ DAVID BEGG
942 _cENGLISH
_2ddc
999 _c611019
_d611019